Statistics for Latin American Cities over 1 Million Population

Click here to take the quiz!

General Stats

  • This quiz has been taken 1,620 times
    (546 since last reset)
  • The average score is 49 of 70

Answers on the Map

Answers color-coded by a green-red scale on the quiz's map according to % correct below.
 

Answer Stats

Pop. (K)City% Correct
21,804Mexico City
99%
10,085Bogota
97%
16,710Buenos Aires
97%
10,320Lima
97%
12,592Rio de Janeiro
97%
7,171Santiago
97%
23,086Sao Paulo
97%
1,636Havana
95%
2,792Quito
95%
3,026Caracas
94%
1,943La Paz
94%
1,281Panama City
94%
3,507Brasilia
93%
3,134Guatemala City
93%
1,541Montevideo
92%
4,379Santo Domingo
92%
2,025San Jose
91%
1,575San Salvador
91%
3,752Medellin
90%
2,736Asuncion
89%
3,171Port-au-Prince
89%
1,052Kingston
87%
2,100Tijuana
87%
1,259Managua
86%
5,683Monterrey
86%
1,875San Juan
86%
5,525Guadalajara
85%
1,273Tegucigalpa
84%
2,356Manaus
83%
2,568Cali
80%
3,089Guayaquil
79%
3,909Recife
79%
3,462Salvador
79%
5,328Belo Horizonte
78%
1,622Cordoba
76%
3,625Porto Alegre
75%
3,672Fortaleza
74%
2,120Barranquilla
73%
1,504Ciudad Juarez
73%
2,522Puebla
73%
2,565Maracaibo
72%
2,093Santa Cruz
70%
1,189Merida
69%
2,247Belem
68%
1,347Rosario
68%
3,218Curitiba
67%
1,877Leon
57%
1,212Mendoza
57%
1,833Valencia
56%
1,313Natal
54%
1,035Chihuahua
53%
2,642Goiania
52%
2,898Campinas
51%
1,538Sao Luis
50%
1,317Cochabamba
47%
1,138San Miguel de Tucuman
44%
1,854Toluca
43%
1,557Santos
42%
1,065Aguascalientes
41%
1,224San Luis Potosi
39%
1,722Vitoria
39%
1,026Bucaramanga
38%
1,166Joao Pessoa
36%
1,259Queretaro
36%
1,185Barquisimeto
35%
1,202Maracay
35%
1,221Torreon
34%
1,148Maceio
31%
1,035Teresina
29%
1,013Cuernavaca
26%

Score Distribution

Percentile by Number Answered

Percent of People with Each Score

Your Score History

You have not taken this quiz since the last reset